| 000 | 00986nam a2200313Ia 4500 | ||
|---|---|---|---|
| 003 | OSt | ||
| 005 | 20221006155905.0 | ||
| 006 | a|||||r|||| 00| 0 | ||
| 007 | ta | ||
| 008 | 221006b |||||||| |||| 00| 0 eng d | ||
| 020 |
_a9780520083875 _c¥3773 |
||
| 024 | _a43,758 | ||
| 037 |
_bGift, Japan Foundation _cTextual |
||
| 040 |
_aEASL _cEASL _beng |
||
| 041 |
_2eng _aeng |
||
| 082 | _aT13.42.N8, N0 | ||
| 100 |
_aPeak Lois _9670821 |
||
| 245 | 0 |
_aLearning to go to school in Japan _b The transition from home to preschool life |
|
| 260 |
_aBerkeley _bUniversity of California Press _c1990 |
||
| 300 |
_a210p. _ccm. |
||
| 490 | _v JEL | ||
| 650 |
_a Child rearing - Japan _9670822 |
||
| 650 |
_a Homes and schools - Japan _9670823 |
||
| 650 | _a JEL | ||
| 650 |
_a Nursery schools - Japan _9670824 |
||
| 650 |
_aEducation - Preschool - Japan _9670825 |
||
| 942 |
_hT13.42.N8, N0 _cTEXL _2CC |
||
| 999 |
_c1111850 _d1111850 |
||